| 000 | 00714nam a22002177a 4500 | ||
|---|---|---|---|
| 005 | 20171113104327.0 | ||
| 010 | _aENG-121307 | ||
| 020 |
_a9788192278315 _c150.00 |
||
| 035 | _aEN-104839 | ||
| 037 | _bDBAD/PUB | ||
| 082 | _a 921 | ||
| 100 | _aRao, Majji Sashibhushana | ||
| 245 |
_aInspiring thoughts majatma to everyone-forever / _cby Majji Sashibhushana Rao & Alajangi Uday Kumar |
||
| 260 |
_aNew Delhi _bParamount Publishing House _c2012 |
||
| 270 |
_aC/o. M2W Media, 423/1, Ansari Road, Daryaganj, _bNew Delhi _e110002 |
||
| 300 |
_a159p. : _c20cm(Pbk) _bill. |
||
| 650 | _z | ||
| 700 | _aMajji Sashibhushana Rao | ||
| 700 | _aAlajangi Uday Kumar | ||
| 942 |
_2ddc _cEN _mRAO _h921 |
||
| 999 |
_c147299 _d147299 |
||